Balkan Wars in the 20th Century - Statistics

General Stats
  • This quiz has been taken 66 times
  • The average score is 4 of 8
Answer Stats
Hint Answer % Correct
Slavic state which was invaded by Austria-Hungary after the assassination of FranzFerdinand. Serbia
97%
Capital of Bosnia & Herzegovina that was the site of "Sniper Alley" and a prolongedsiege during the 1990s Balkan War. Sarajevo
88%
Muslim majority nation in the Western Balkans that became an Italian protectorateduring World War Two Albania
83%
Leader of the Army of Republica Srpska who was found guilty of genocide fororganizing the Srebrenica Massacre. Ratko Mladić
25%
King of Greece who led troops in the First Balkan War and was later pressured intoexile Constantine I
24%
Informal nickname for the Balkans in the early 20th century due to its political andmilitary volatility. Powder keg
22%
Technology whose earliest combat use was for scouting was during the First BalkanWar Airplanes
20%
Term used for the Ottoman government that refers to the gate of the Topkapi Palace,which suffered a "raid" during the First Balkan War. Sublime Porte
10%
No matching quizzes found
Score Distribution
Percent of People with Each Score
Percentile by Number Answered
Your Score History
You have not taken this quiz